[Event "Challenge"]
[Site "http://www.queenalice.com/game.php?id=272692"]
[Date "2007.9.16"]
[Round "-"]
[White "rafagoom"]
[Black "KAXY"]
[Result "1-0"]
[WhiteElo "1100"]
[BlackElo "1429"]

1. b3 d5 2. Bb2 Nc6 3. e3 e5 4. Bb5 Bd7 5. Qh5 Bd6 6. f4 g6 7. Qe2 Qe7 8. Nc3
Nf6 9. e4 dxe4 10. Nxe4 O-O 11. Nf3 Bg4 12. Nxf6+ Qxf6 13. Bxc6 bxc6 14. fxe5
Qg7 15. O-O-O Rfe8 16. d4 Bb4 17. Qe4 Qh6+ 18. Kb1 Bxf3 19. Qxf3 a5 20. Qxc6 Qf8
21. Bc1 Re6 22. Qc4 Rc8 23. Rhf1 c5 24. Rd3 cxd4 25. Qxd4 Bc5 26. Qh4 Rxe5 27.
Bh6 Qe8 28. Qf6 Bf8 29. Bxf8 Kxf8 30. Qh8+ Ke7 31. Qxe5+ Kf8 32. Qh8+ Ke7 33.
Re1# 1-0

[Event "AUTO-OPEN-832"]
[Site "http://www.queenalice.com/game.php?id=272779"]
[Date "2007.9.17"]
[Round "1"]
[White "serrato987"]
[Black "rafagoom"]
[Result "1/2-1/2"]
[WhiteElo "1692"]
[BlackElo "1530"]

1. g3 e6 2. Bg2 Nf6 3. Nf3 b6 4. O-O Bb7 5. d4 Bd6 6. Bg5 h6 7. Bxf6 Qxf6 8. Nc3
O-O 9. e4 Bb4 10. e5 Qf5 11. a3 Bxc3 12. bxc3 Qh5 13. Qd3 Ba6 14. c4 d5 15. exd6
cxd6 16. Nd2 d5 17. Rfe1 Nc6 18. Qb3 Nxd4 19. Qc3 Ne2+ 20. Rxe2 Qxe2 21. Bf3
Qxc4 22. Nxc4 Rac8 23. Qe5 Rxc4 24. Be2 Re4 25. Qxe4 dxe4 26. Bxa6 f5 27. Bb5
Rf6 28. Re1 Rg6 29. Re3 Rg5 30. Kf1 f4 31. Rxe4 Rxb5 32. Rxf4 a5 33. Re4 e5 34.
c4 Rc5 35. a4 Kf7 36. g4 Kf6 37. h4 g6 38. Ke2 g5 39. h5 Rc7 40. f3 Rc5 41. Kd3
Ke6 42. Kc3 Kd6 1/2-1/2

[Event "AUTO-OPEN-832"]
[Site "http://www.queenalice.com/game.php?id=272780"]
[Date "2007.9.17"]
[Round "1"]
[White "rafagoom"]
[Black "serrato987"]
[Result "1-0"]
[WhiteElo "1524"]
[BlackElo "1500"]

1. b3 g6 2. Bb2 Nf6 3. Nh3 Bg7 4. e3 O-O 5. Bd3 d5 6. Qf3 Bxh3 7. gxh3 Qd6 8.
Ba3 c5 9. Nc3 e5 10. Nb5 Qc6 11. Qg3 a6 12. Nc3 d4 13. Ne4 Nxe4 14. Bxe4 Qxe4
15. f3 Qc6 16. b4 b6 17. O-O Re8 18. e4 Nd7 19. Rfe1 Nf6 20. bxc5 bxc5 21. Rab1
Rab8 22. d3 c4 23. Rxb8 Rxb8 24. Qxe5 Rd8 25. Rb1 Nd7 26. Qa5 Rb8 27. Rxb8+ Nxb8
28. Qd8+ Bf8 29. Qxf8# 1-0

[Event "AUTO-OPEN-832"]
[Site "http://www.queenalice.com/game.php?id=272801"]
[Date "2007.9.17"]
[Round "1"]
[White "pacou93"]
[Black "rafagoom"]
[Result "0-1"]
[WhiteElo "1537"]
[BlackElo "1346"]

1. e4 b6 2. d4 e6 3. Nc3 Bb7 4. Be3 Nc6 5. Nf3 Bb4 6. Bd2 Nh6 7. a3 Bxc3 8. Bxc3
Ng4 9. h3 Nf6 10. Qd2 Nxe4 11. Qe3 Ne7 12. g4 Ng6 13. Bg2 Nd6 14. Rg1 Nc4 15.
Qd3 b5 16. Ne5 Nf4 17. Qg3 Bxg2 18. Rxg2 Nxg2+ 19. Qxg2 O-O 20. Nxc4 bxc4 21. f4
Qh4+ 22. Kf1 Qf6 23. Qf2 d5 24. a4 Qh6 25. Qg3 Qg6 26. Kf2 Qxc2+ 27. Ke3 Rab8
28. Qf2 Qd3# 0-1

[Event "AUTO-OPEN-832"]
[Site "http://www.queenalice.com/game.php?id=272816"]
[Date "2007.9.17"]
[Round "1"]
[White "silverado"]
[Black "rafagoom"]
[Result "1-0"]
[WhiteElo "1525"]
[BlackElo "1343"]

1. e4 b6 2. Qf3 Bb7 3. Bc4 Nf6 4. d3 Nc6 5. d4 Nxd4 6. Qd3 c5 7. e5 Be4 8. Qg3
Nh5 9. Qg4 Nxc2+ 10. Kf1 Nxa1 11. Qxh5 g6 12. Qg4 Bxb1 13. Qf3 Nc2 14. Qxf7# 1-0

[Event "Challenge"]
[Site "http://www.queenalice.com/game.php?id=273186"]
[Date "2007.9.18"]
[Round "-"]
[White "lupo1"]
[Black "rafagoom"]
[Result "1-0"]
[WhiteElo "1781"]
[BlackElo "1384"]

1. d4 b6 2. c4 d6 3. g3 Bb7 4. d5 Na6 5. Nc3 e6 6. e4 Nf6 7. Bg5 h6 8. Qa4+ Qd7
9. Bxf6 gxf6 10. Qxd7+ Kxd7 11. Bh3 Nb4 12. O-O-O Bg7 13. a3 Na6 14. Nf3 Nc5 15.
Nd4 f5 16. exf5 Bxd4 17. Rxd4 Nb3+ 18. Kb1 Nxd4 19. f6 Rag8 20. Re1 Rg6 21. Bg2
Rxf6 22. Ne4 Rf5 23. dxe6+ fxe6 24. Rf1 Rhf8 25. f4 Rh5 26. h4 Ne2 27. Nf6+ Rxf6
28. Bxb7 Nxg3 29. Rf3 Nf5 30. b4 Rxh4 31. Rd3 Rg6 32. Kb2 Rxf4 33. Kb3 c6 34.
Ka4 Kc7 35. Ba6 b5+ 36. cxb5 Kb6 37. Rc3 Nd4 38. Rc4 cxb5+ 39. Bxb5 a6 40. Be8
Rgg4 41. Rc8 Nb5 42. Rc6+ Ka7 43. Ka5 Rg5 44. Rxa6+ Kb7 45. Bc6+ Kc7 46. Bxb5
Rff5 47. Rc6+ Kb7 48. Rb6+ Kc7 49. a4 h5 50. Ka6 Rg7 51. Rb7+ 1-0

[Event "Challenge"]
[Site "http://www.queenalice.com/game.php?id=279744"]
[Date "2007.10.1"]
[Round "-"]
[White "denisesuzuki"]
[Black "rafagoom"]
[Result "0-1"]
[WhiteElo "1178"]
[BlackElo "1398"]

1. e4 b6 2. e5 e6 3. d4 Bb7 4. f3 Nh6 5. g4 Qh4+ 6. Kd2 Qf2+ 7. Ne2 Qxf3 8. h3
Qxh1 9. Ng3 Qh2+ 10. Be2 Qxg3 11. Nc3 Qxh3 12. a4 Qh2 13. b3 Nxg4 14. Nb5 Nf2
15. Qf1 Ne4+ 16. Ke1 Ng3 17. Qf2 Qh4 18. Nxc7+ Kd8 19. Nb5 Qh1+ 20. Kd2 Ne4+ 21.
Ke3 Nxf2 22. Kxf2 Nc6 23. Bg5+ Be7 24. Rxh1 Bxg5 25. Nd6 Rf8 26. Nxb7+ Kc7 27.
Nd6 Nxd4 28. c3 Nc2 29. Rxh7 f6 30. Rxg7 fxe5+ 31. Nf7 Be3+ 32. Kf3 Bh6 33. Rh7
Rae8 34. Rxh6 Rxf7+ 35. Ke4 Rf4+ 36. Kxe5 Ref8 37. Rh2 R8f5# 0-1

[Event "Challenge"]
[Site "http://www.queenalice.com/game.php?id=279777"]
[Date "2007.10.1"]
[Round "-"]
[White "KAXY"]
[Black "rafagoom"]
[Result "1-0"]
[WhiteElo "1521"]
[BlackElo "1384"]

1. d4 e6 2. e4 Nf6 3. e5 Ne4 4. Bd3 Ng5 5. h4 Nc6 6. hxg5 Nxd4 7. Be3 Nc6 8. Nc3
Nxe5 9. f4 Ng6 10. Bxg6 fxg6 11. Qd2 Bb4 12. O-O-O Qe7 13. Nge2 b6 14. Bd4 Bb7
15. Rh3 Bxg2 16. Re3 O-O-O 17. Be5 d6 18. Nd4 dxe5 19. Rxe5 Bc5 20. Qxg2 Bxd4
21. Qa8+ Kd7 22. Rxd4+ Ke8 23. Qc6+ Kf7 24. Nd5 Qf8 25. Qxe6# 1-0

[Event "Challenge"]
[Site "http://www.queenalice.com/game.php?id=282061"]
[Date "2007.10.6"]
[Round "-"]
[White "rafagoom"]
[Black "danniel"]
[Result "0-1"]
[WhiteElo "1420"]
[BlackElo "1618"]

1. b3 e6 2. Bb2 d6 3. e3 d5 4. Qg4 h5 5. Qa4+ Bd7 6. Qf4 g5 7. Qg3 Bd6 8. Qf3 g4
9. Qe2 a6 10. Bxh8 f5 11. Bg7 e5 12. Nc3 c6 13. f3 b5 14. fxg4 fxg4 15. Qf2 Qg5
16. Bh8 Bf5 17. Nce2 Nd7 18. Ng3 Nh6 19. d3 O-O-O 20. Bg7 Qxg7 21. Nxh5 Qg5 22.
Ng3 Rf8 23. e4 Bxe4 24. Qa7 Bb4+ 25. Ke2 Qd2# 0-1

[Event "AUTO-INT-643"]
[Site "http://www.queenalice.com/game.php?id=283543"]
[Date "2007.10.9"]
[Round "1"]
[White "SheepShagger"]
[Black "rafagoom"]
[Result "0-1"]
[WhiteElo "1346"]
[BlackElo "1505"]

1. d4 g6 2. Nc3 b6 3. e4 Bb7 4. Bc4 e6 5. Nf3 Bg7 6. Bg5 f6 7. Bh4 Qe7 8. e5 Qb4
9. Qd3 f5 10. Bxe6 dxe6 11. O-O-O Nh6 12. d5 O-O 13. dxe6 Ba6 14. Qd5 c6 15. Qd6
Qf4+ 16. Kb1 Bxe5 17. Qxe5 Qc4 18. e7 Re8 19. Rd8 Qf7 0-1

[Event "AUTO-INT-643"]
[Site "http://www.queenalice.com/game.php?id=283544"]
[Date "2007.10.9"]
[Round "1"]
[White "rafagoom"]
[Black "SheepShagger"]
[Result "1-0"]
[WhiteElo "1491"]
[BlackElo "1346"]

1. b3 e5 2. Bb2 Bc5 3. e3 d6 4. Qf3 Nf6 5. Nc3 Nc6 6. Ne4 Nxe4 7. Qxe4 Be6 8.
Bb5 Bd7 9. Qf3 O-O 10. Nh3 a6 11. Bc4 Nb4 12. O-O Bxh3 13. Qxh3 Nxc2 14. Bd3 f5
15. Bxf5 Rxf5 16. Qxf5 Nb4 17. d4 exd4 18. exd4 Ba7 19. d5 1-0

[Event "AUTO-INT-643"]
[Site "http://www.queenalice.com/game.php?id=283555"]
[Date "2007.10.9"]
[Round "1"]
[White "J_Ricardo"]
[Black "rafagoom"]
[Result "0-1"]
[WhiteElo "1423"]
[BlackElo "1468"]

1. e4 b6 2. Bc4 Nc6 3. Qf3 Ne5 4. Qc3 Bb7 5. Qxe5 Nf6 6. d3 e6 7. Bg5 h6 8. Bxf6
gxf6 9. Qf4 Qe7 10. Nf3 Qb4+ 11. Nc3 Qxb2 12. O-O Qxc3 13. Qxc7 Bc6 14. Rac1 Be7
15. e5 f5 16. h3 O-O 17. Bxe6 fxe6 18. Rfe1 Ba3 19. Rcd1 Rf7 20. Qd6 Bxd6 21.
exd6 Rg7 22. Re3 Qxc2 23. Rde1 f4 24. R3e2 Qxd3 25. Nh4 Qxh3 26. f3 Qxh4 27. Rf1
Kh8 28. Ref2 Rag8 29. a3 Bxf3 30. a4 Rxg2+ 31. Rxg2 Rxg2# 0-1

[Event "AUTO-INT-643"]
[Site "http://www.queenalice.com/game.php?id=283556"]
[Date "2007.10.9"]
[Round "1"]
[White "rafagoom"]
[Black "J_Ricardo"]
[Result "1-0"]
[WhiteElo "1497"]
[BlackElo "1451"]

1. b3 e5 2. Bb2 d6 3. e4 Nf6 4. Bc4 Nxe4 5. Qf3 Nf6 6. Nc3 Bg4 7. Qg3 Qd7 8. Nf3
h6 9. O-O Be7 10. d4 e4 11. Nxe4 Nxe4 12. Qf4 Nf6 13. d5 c6 14. dxc6 bxc6 15.
Nd4 d5 16. Bd3 Bd6 17. Rfe1+ Be6 18. Qf5 g6 19. Qxf6 Rg8 20. Nxe6 fxe6 21. Bxg6+
Rxg6 22. Qxg6+ Kd8 23. Rxe6 Kc7 24. Rae1 a6 25. Bf6 Kb6 26. Bd8+ Qxd8 27. Rxd6
Qc7 28. Qf6 Nd7 29. Qd4+ Nc5 30. Qb4+ Ka7 31. Qxc5+ Kb7 32. Qb4+ Ka7 33. Qc5+
Kb7 34. Re7 Qxe7 35. g3 Rc8 36. Qb4+ Kc7 37. Rxc6+ Kd7 38. Qb7+ Ke8 39. Qxc8+
Qd8 40. Qe6+ Qe7 41. Rc8# 1-0

[Event "AUTO-INT-643"]
[Site "http://www.queenalice.com/game.php?id=283561"]
[Date "2007.10.9"]
[Round "1"]
[White "scalp"]
[Black "rafagoom"]
[Result "0-1"]
[WhiteElo "1587"]
[BlackElo "1416"]

1. d4 b6 2. e4 Bb7 3. Nc3 e6 4. Bf4 Nf6 5. Nb5 Na6 6. Bg5 Be7 7. e5 Ne4 8. Bxe7
Qxe7 9. f3 Qh4+ 10. g3 Nxg3 11. hxg3 Qxh1 12. Nh3 Bxf3 13. Qd3 Bg2 14. O-O-O
Qxh3 15. Nc3 Nb4 16. Qc4 Nd5 17. Qb5 Ne3 18. Bxg2 Qxg2 19. Rd3 Qxc2# 0-1

[Event "AUTO-INT-643"]
[Site "http://www.queenalice.com/game.php?id=283562"]
[Date "2007.10.9"]
[Round "1"]
[White "rafagoom"]
[Black "scalp"]
[Result "0-1"]
[WhiteElo "1551"]
[BlackElo "1634"]

1. b3 e5 2. Bb2 Nc6 3. e3 e4 4. Qg4 Nf6 5. Bxf6 Qxf6 6. Qxe4+ Be7 7. c3 O-O 8.
Bd3 g6 9. Ne2 d6 10. Ng3 Ne5 11. Nh5 Qh4 12. Nf4 Bf5 13. Qd5 c6 14. Qd4 Bxd3 15.
Nxd3 Qxd4 16. exd4 Nxd3+ 17. Ke2 Nf4+ 18. Kf3 g5 19. Re1 Rae8 20. Na3 d5 21. Nc2
b5 22. Ne3 Ba3 23. Nf5 Re6 24. b4 a5 25. Ne7+ Kg7 26. Nxc6 Rxc6 27. Re7 axb4 28.
Rb1 Kf6 29. Rb7 bxc3 30. dxc3 Rxc3+ 31. Kg4 b4 32. Rb6+ Kg7 33. Kxg5 Ne6+ 34.
Kf5 Rc2 35. R1xb4 Bxb4 36. Rxb4 Rxa2 37. Rb3 Rxf2+ 38. Ke5 Rd8 39. Rg3+ Kf8 40.
h4 Re2+ 41. Kf5 Nxd4+ 42. Kg4 Ne6 43. Kh5 Ng7+ 44. Kg5 d4 45. Kh6 Nf5+ 46. Kxh7
Nxg3 47. Kh6 Re5 48. Kh7 Rh5# 0-1

[Event "Challenge"]
[Site "http://www.queenalice.com/game.php?id=289982"]
[Date "2007.10.20"]
[Round "-"]
[White "RAFAELI"]
[Black "rafagoom"]
[Result "1-0"]
[WhiteElo "1519"]
[BlackElo "1540"]

1. e4 Nc6 2. Nh3 e6 3. Qf3 b6 4. d3 Nd4 5. Qd1 Qe7 6. c3 Nc6 7. Na3 Bb7 8. Nb5
d6 9. Qf3 Ne5 10. Qd1 Qd7 11. a4 O-O-O 12. Nxa7+ Kb8 13. Nb5 Nf6 14. d4 Ng6 15.
a5 Bc6 16. Qb3 Nxe4 17. axb6 Bxb5 18. Bxb5 c6 19. Bd3 Nf6 20. Qa3 Qb7 21. Qa5
Kc8 22. Ba6 Qxa6 23. Qxa6+ Kd7 24. Qb7+ Ke8 25. Qxc6+ Nd7 26. Ra7 Ke7 27. Qc7
Kf6 28. Bg5+ Kf5 29. Ra5+ 1-0

[Event "Challenge"]
[Site "http://www.queenalice.com/game.php?id=290297"]
[Date "2007.10.20"]
[Round "-"]
[White "Imbolt1"]
[Black "rafagoom"]
[Result "1-0"]
[WhiteElo "1479"]
[BlackElo "1515"]

1. e4 e6 2. e5 Qg5 3. Nf3 Qf5 4. Nc3 Nc6 5. Bd3 Qg4 6. O-O h5 7. h3 Qb4 8. a3
Qe7 9. Re1 b6 10. Nb5 d5 11. exd6 cxd6 12. Be4 d5 13. Bxd5 Bb7 14. Ne5 Nxe5 15.
Rxe5 Bxd5 16. d4 Bc6 17. a4 g6 18. Bg5 Qb7 19. Qe2 Be7 20. Bxe7 Nxe7 21. Nd6+
Kd7 22. Nxb7 Bxb7 23. Rd1 Nd5 24. Re1 Nf4 25. Qc4 Bd5 26. Qb5+ Bc6 27. Qa6 Bxg2
28. b4 Bd5 29. R1e3 Rac8 30. Qxa7+ Rc7 31. Qxb6 Rd8 32. c3 Ng2 33. Rxd5+ exd5
34. Kxg2 Rdc8 35. Qb5+ Kd6 36. a5 g5 37. a6 Ra8 38. Re8 Raa7 39. Rd8+ Ke6 40.
Qxd5+ Kf6 41. Qe5+ 1-0

[Event "AUTO-INT-643"]
[Site "http://www.queenalice.com/game.php?id=366032"]
[Date "2008.3.5"]
[Round "2"]
[White "Dinho"]
[Black "rafagoom"]
[Result "1-0"]
[WhiteElo "1663"]
[BlackElo "1517"]

1. e4 b6 2. d4 e6 3. a3 Qh4 4. Nc3 Bb7 5. Qe2 Ba6 6. g3 Qf6 7. Qe3 b5 8. Bxb5
Nh6 9. Bxa6 Nxa6 10. f3 Be7 11. Bd2 Nb8 12. O-O-O Nc6 13. Nb5 O-O 14. Ne2 Rfc8
15. Bc3 Nd8 16. d5 Qg6 17. d6 cxd6 18. Nxd6 Bg5 19. f4 Ng4 20. Qd4 Bf6 21. e5
Nc6 22. Qc5 Ne7 23. Nxc8 Rxc8 24. Rxd7 h5 25. Qxa7 Nc6 26. Qb7 Ne3 27. Qxc8+ Kh7
28. Nd4 Nxd4 29. Bxd4 Qe4 30. Re1 1-0

[Event "AUTO-INT-643"]
[Site "http://www.queenalice.com/game.php?id=366033"]
[Date "2008.3.5"]
[Round "2"]
[White "rafagoom"]
[Black "Dinho"]
[Result "0-1"]
[WhiteElo "1506"]
[BlackElo "1673"]

1. b3 e5 2. Bb2 d6 3. e4 Nf6 4. d3 Nc6 5. Nc3 Bg4 6. f3 Be6 7. Be2 a6 8. Qd2 Nd4
9. a4 d5 10. Nh3 Bb4 11. O-O O-O 12. f4 dxe4 13. Ng5 Bxc3 14. Bxc3 exf4 15. Rxf4
c5 16. Raf1 h6 17. Nh3 Bxh3 18. gxh3 Re8 19. Qe3 exd3 20. Qxd3 Nxe2+ 21. Kg2
Nxf4+ 22. Rxf4 Qxd3 23. cxd3 Nd5 24. Rc4 Ne3+ 25. Kf2 Nxc4 26. dxc4 Rad8 27. Ba5
Rd3 28. Kf1 Rxb3 29. Bc3 Rxc3 0-1